(The) Mechanical testing of metals and alloys: the theory and practice of standardised mechanical testing (Record no. 965)

000 -LEADER
fixed length control field 00488nam a22001577a 4500
008 - FIXED-LENGTH DATA ELEMENTS--GENERAL INFORMATION
fixed length control field 200102b ||||| |||| 00| 0 eng d
082 00 - DEWEY DECIMAL CLASSIFICATION NUMBER
Classification number 620.17
Item number F7541
100 ## - MAIN ENTRY--PERSONAL NAME
9 (RLIN) 530
Personal name Foster, P. Field.
245 10 - TITLE STATEMENT
Title (The) Mechanical testing of metals and alloys: the theory and practice of standardised mechanical testing
250 ## - EDITION STATEMENT
Edition statement 4th
260 ## - PUBLICATION, DISTRIBUTION, ETC. (IMPRINT)
Place of publication, distribution, etc London
Name of publisher, distributor, etc Sir Isaac Pitman & Sons
Date of publication, distribution, etc 1948
300 ## - PHYSICAL DESCRIPTION
Extent vii,319p.
365 ## - TRADE PRICE
Unit of pricing 10.02
650 #0 - SUBJECT ADDED ENTRY--TOPICAL TERM
Topical term or geographic name as entry element Metals Testing
942 ## - ADDED ENTRY ELEMENTS (KOHA)
Item type Books
Holdings
Withdrawn status Lost status Source of classification or shelving scheme Damaged status Not for loan Permanent location Current location Date acquired Source of acquisition Full call number Barcode Date last seen Koha item type
          IMU Kolkata IMU Kolkata 1952-10-22 A.H. Wheeler 620.17 F7541 00604 2020-01-02 Books
          IMU Kolkata IMU Kolkata 1952-10-22 A.H. Wheeler 620.17 F7541 00605 2020-01-02 Books
Designed and Maintained by IMU-KC Library, Kolkata Campus © Copyright All Rights Reserved

webs counters

Powered by Koha